LEADER 01759nam a2200385 u 4500 001 000000064169 003 CaOOAMICUS 005 20070226121327.0 008 011114s1953 quc u000 u lat u 035 $a10909884 040 $aPUL(R)$bita 100 0 $aIohannes a Sancto Thoma,$cO.P.,$d1589-1644.$0(OLS)http://pul/name/14100 245 10$aDe spe :$bcursus thologicus in IIam-IIae /$cJoannes a Sancto Thoma ; Armand Mathieu et Herv{82} Gagn{82} ... editionem curaverunt. 246 30$aCursus theologicus 246 30$aIn IIam-IIae 260 $aQuebeci :$bPresses Universitaires Laval,$c1953. 300 $axxvi, 243 p. ;$c22 cm 490 1 $aCollectio Lavallensis.$aSectio Theologica 500 $aContiene indici. 504 $aBibliografia in nota. 650 4$aTeologia morale$xManuali, compendi, ecc.$0(OLS)http://pul/subject/21415 650 4$aVirtů teologali.$0(OLS)http://pul/subject/12274 650 4$aSperanza.$0(OLS)http://pul/subject/669 700 1 $aMathieu, Armand,$csac.$0(OLS)http://pul/name/43362 700 1 $aGagn{82}, Herv{82}.$0(OLS)http://pul/name/43363 710 2 $aUniversité Laval.$0(OLS)http://pul/name/43364 830 0$aCollectio Lavallensis.$pSectio Theologica.$0(OLS)http://pul/title/85423 850 $aPUL 852 $aPUL$W1$xSL Religione 1$y3$m80 E 21$j83231$nBK-PRI$b $qStampati$B83231$CPULBib$Z2$F83231 $H $81 941 1 $a8 961 $aINV: 36499 996 $6245$aDe spe :$bcursus thologicus in IIam-IIae$9(OLS)http://pul/title/85511 996 $6246$aCursus theologicus$9(OLS)http://pul/title/85421 996 $6246$aIn IIam-IIae$9(OLS)http://pul/title/85422 996 $6260$aQuebeci :$bPresses Universitaires Laval$9(OLS)http://pul/publisher/70804 LEADER 01445nam a2200313 a 4500 001 000000172215 003 CaOOAMICUS 005 20190704112728.0 008 190704s2003 it u000 u ita r 020 $a978-88-04-52122-8* 032 $aLibriCat 040 $aPUL$bita 041 1 $aita$heng 100 1 $aRifkin, Jeremy.$0(OLS)http://pul/name/86691 240 14$aThe hydrogen economy.$0(OLS)http://pul/title/213124 245 10$aEconomia all'idrogeno :$bla creazione del Worldwide Energy Web e la redistribuzione del potere sulla terra /$cJeremy Rifkin ; traduzione di Paolo Canton . 260 $aMilano :$bMondadori,$c2003. 300 $a348 p. ; $c20 cm. 490 1 $aOscar bestsellers ;$v1370 650 4$aGlobalizzazione (economia).$0(OLS)http://pul/subject/20545 700 1 $aCanton, Paolo.$0(OLS)http://pul/name/86913 830 0$aOscar bestsellers ;$v1370.$0(OLS)http://pul/title/135259 850 $aPUL 852 $aPUL$W1$xDP2 Diritto e Scienze Sociali 3$y110$m333. 79 RIFJE 1$j196151$bRistampa del 2010$qDDC 21$B200902$CPULBib$Z2$F200902 $H132719 $82 941 1 $a9 996 $6020$a978-88-04-52122-8*$9(OLS)http://pul/number/166342 996 $6245$aEconomia all'idrogeno :$bla creazione del Worldwide Energy Web e la redistribuzione del potere sulla terra$9(OLS)http://pul/title/213125 996 $6260$aMilano :$bMondadori$9(OLS)http://pul/publisher/50297